00613nam a22001937a 450000500170000001000150001702000260003203500140005803700090007208200130008110000230009424500750011725000160019226000580020827000750026630000330034170000230037470000220039720220317122506.0 aENG-132021 a9789355320704c895.00 aEN-115553 bDBAD a658.4092 aHughes, Richard L. aLeadership/cRichard L. Hughes, Robert C. Ginnett and Gordon J. Curphy a9th Edition aChennaibMcGraw Hilll Education Private Limitedc2021 aAnjana Complex, No:5/90A, Butt Road, St. Thomas MountbChennaie600016 axvi, 768p.bIndexc24cm(pbk) aGinnett, Robert C. aCurphy, Gordon J.